00723nam a2200193 a 450000100100000000500170001000800410002702000150006804000250008308200140010810000310012224501000015326000720025330000210032549000600034650000420040650000210044883000600046900001086220200929162316.0091012s1982 sp 000 0 spa d a8400050541 aDO-SdBNPbspacBNPHU axxxbxxxx1 aMarchena Fernández, Juan10aLa institución militar en Cartagena de Indias en el siglo XVIII /cJuan Marchena Fernández. aSevilla, España :bEscuela de Estudios Hispano-Americanos,c1982. a506 p. ;c25 cm.1 aPublicaciones de Escuela de Estudios Hispano-Americanos aIncluye notas al pie de las páginas aIncluye índice 0aPublicaciones de Escuela de Estudios Hispano-Americanos